Regionální aspekty publikačního systému švýcarské statistiky

Činnosť švajčiarskej štatistickej služby. Rozbor štatistickej ročenky 1991. Ďalšie zdroje štatistických údajov na úrovni spolku. Štatistické zdroje na regionálnej úrovni. Mestská štatistika.

Guardado en:
Detalles Bibliográficos
Autor principal: Jeřábek, M.
Formato: Capítulo de libro
Lenguaje:checo
Materias:
Etiquetas: Agregar Etiqueta
Sin Etiquetas, Sea el primero en etiquetar este registro!

MARC

LEADER 00000naa a2200000 4500
001 r000508
005 20221213083202.0
041 0 |a cze 
044 |a CZ 
245 1 0 |a Regionální aspekty publikačního systému švýcarské statistiky  |c M. Jeřábek 
520 |a Činnosť švajčiarskej štatistickej služby. Rozbor štatistickej ročenky 1991. Ďalšie zdroje štatistických údajov na úrovni spolku. Štatistické zdroje na regionálnej úrovni. Mestská štatistika. 
610 2 0 |a štatistika 
610 2 0 |a Švajčiarsko 
610 2 0 |a regionalizácia 
610 2 0 |a regióny 
610 2 0 |a údaje štatistické 
100 1 |a Jeřábek, M.